000 00461cam a2200193ua 4500
001 8135
008 150109n ii |||gr||||Z||||||hin
040 _cMAIN
041 _ahin
082 _a294.5
100 _aPrasad, K. N.,
_eAuthor.
245 1 _aAssam-prantiya ram-sahitya
_cBy Krishna Narayan Prasad
250 _a1st.
260 _aMeerut:
_bHindi,
_c1985.
300 _a427p.
653 _aReligions ofIndic origin
653 _aHinduism
942 _cBK
999 _c7250
_d7250